QUEST Central Library Banner

From maraj to domes (Record no. 13287)

MARC details
000 -LEADER
fixed length control field 00207nam a22001097a 4500
082 ## - DEWEY DECIMAL CLASSIFICATION NUMBER
Classification number 297QUR
100 ## - MAIN ENTRY--AUTHOR NAME
Personal name Qurshi
245 ## - TITLE STATEMENT
Title From maraj to domes
260 ## - PUBLICATION, DISTRIBUTION, ETC. (IMPRINT)
Place of publication Karachi
Year of publication 1983
300 ## - PHYSICAL DESCRIPTION
Number of Pages 283
942 ## - ADDED ENTRY ELEMENTS (KOHA)
Koha item type Books
Holdings
Withdrawn status Lost status Collection code Home library Current library Date acquired Cost, normal purchase price Full call number Accession Number Koha item type
    Reference Reference Section Reference Section 23/04/2015 100.00 297QUR (Shelf - 16B) 9525 Books

Copyright © 2018,The QUEST, Nawabshah, Shaheed Benazirabad. All rights reserved
Mr. G. Farooq Channar (Librarian) QUEST, Nawabshah, Sindh, Pakistan 67480.
 Ph#: |   0244-9370381-4 Ext. 2308   Email| lib@quest.edu.pk   Web|  http://www.quest.edu.pk